| 000 | 00650nam a22002057a 4500 | ||
|---|---|---|---|
| 005 | 20251108171834.0 | ||
| 008 | 250721s9999 xx 000 0 ara d | ||
| 082 | 1 | 4 | _aط/956.031/اشت |
| 100 | 1 | _aالأشتر، صالح | |
| 245 | 1 | 0 | _aمعركة اليمامه 11هـ /633م / |
| 264 | 1 |
_aبيروت : _bدار الشرق العربي، |
|
| 300 | _a143ص | ||
| 490 | 0 | _aمعارك حربية حاسمة : عربية و إسلامية | |
| 650 | 1 | 7 | _aالخلفاء الراشدون |
| 650 | 1 | 7 | _aالتاريخ |
| 650 | 1 | 7 | _aحروب الردة |
| 653 | _aناشؤون صغار (10-14) سنة | ||
| 942 |
_2ddc _cBK |
||
| 999 |
_c63958 _d63958 |
||